An investigation of the laws of thought : on which are founded the mathematical theories of logic and probabilities /

Guardado en:
Autor Principal: Boole, George, 1815-1864.
Formato: Libro
Idioma:English
Publicado: New York : Dover, [1957]
Etiquetas: Agregar Etiqueta
Sin Etiquetas, Sea el primero en etiquetar este registro!
LEADER 00593nam a22001455a 4500
001 MAT.inmabb000449
008 031125r19571854nyu###########001#0#eng#d
005 20110303142654.0
245 1 3 |a An investigation of the laws of thought :  |b on which are founded the mathematical theories of logic and probabilities /  |c by George Boole. 
260 |a New York :  |b Dover,  |c [1957] 
300 |a 424 p. ;  |c 21 cm. 
500 |a 1st American print. of the 1854 ed. with all corrections made within the text. 
100 1 |a Boole, George,  |d 1815-1864. 
084 |a 03-03 (01A75)  |2 msc2000 
859 |h 03  |i B724i  |p A-201  |b BIB. MATEMATICA